[Event "South America School-ch 33rd"]
[Site "Cochabamba"]
[Date "2017.12.08"]
[Round "9.1"]
[White "Huanca Perez, Joaquin"]
[Black "Bridjlal, Krishan"]
[Result "1-0"]
[WhiteElo "1675"]
[BlackElo "1468"]
[PlyCount "66"]
[EventDate "2017.12.05"]
[EventType "team-tourn"]
[EventRounds "9"]
[EventCountry "BOL"]
[SourceTitle "CBM 182 Extra"]
[Source "ChessBase"]
[SourceDate "2018.02.23"]
[SourceVersion "1"]
[SourceVersionDate "2018.02.23"]
[SourceQuality "1"]
[WhiteTeam "Chile"]
[BlackTeam "Surinam"]
[WhiteTeamCountry "CHI"]
[BlackTeamCountry "SUR"]

1. e4 c5 2. d4 e6 3. Nf3 cxd4 4. c3 dxc3 5. Nxc3 Bb4 6. Bc4 Nc6 7. 0-0 d6 8. Qe2 Nf6 9. Rd1 Bxc3 10. bxc3 Qc7 11. Ba3 Qa5 12. Bxd6 Nd7 13. Rac1 Qh5 14. Nd4 Qxe2 15. Bxe2 Nf6 16. Nb5 Rb8 17. Bxb8 Nxb8 18. Nxa7 Bd7 19. f3 0-0 20. Bb5 Bxb5 21. Nxb5 Nbd7 22. Nd6 Ra8 23. Nxb7 Rxa2 24. e5 Nd5 25. c4 N5b6 26. c5 Nd5 27. c6 N7b6 28. c7 Nc8 29. Nd6 Ra8 30. Ra1 Rxa1 31. Rxa1 Nxc7 32. Nxc8 h6 33. Ra7 Nd5 1-0